000 00305nam a2200133Ia 4500
005 20251222140051.0
008 251222s1900||||xx |||||||||||||| ||spa||
082 _a102/S18
100 _aSalazar Bondy, Augusto
245 0 _aIniciación Filosófica
250 _a5a.ed.
264 _bMantaro
942 _cLIB
999 _c3591
_d3591